[Event "1st 4NCL Easter Congress"]
[Site "Stevenage"]
[Date "2019.04.20"]
[Round "2"]
[Board "9"]
[White "Moore, Gerald"]
[Black "Isaakidis, Alexandros"]
[Result "1/2-1/2"]
[WhiteElo "2045"]
[BlackElo "2173"]
[PlyCount "0"]
[EventDate "2019.04.19"]
[EventRounds "7"]
[EventCountry "ENG"]

1. Nf3 {[%clk 01:30:46]} {[%emt 00:00:13]} c5 {[%clk 01:30:23]} {[%emt
00:00:37]} 2. c4 {[%clk 01:31:10]} {[%emt 00:00:06]} Nc6 {[%clk 01:29:55]}
{[%emt 00:00:57]} 3. d4 {[%clk 01:31:20]} {[%emt 00:00:21]} cxd4 {[%clk
01:30:18]} {[%emt 00:00:07]} 4. Nxd4 {[%clk 01:31:44]} {[%emt 00:00:05]} e5
{[%clk 01:30:40]} {[%emt 00:00:08]} 5. Nb5 {[%clk 01:31:16]} {[%emt 00:00:59]}
d6 {[%clk 01:30:54]} {[%emt 00:00:16]} 6. N1c3 {[%clk 01:24:58]} {[%emt
00:06:47]} a6 {[%clk 01:31:15]} {[%emt 00:00:09]} 7. Na3 {[%clk 01:25:24]}
{[%emt 00:00:05]} f5 {[%clk 01:30:59]} {[%emt 00:00:45]} 8. g3 {[%clk
01:23:25]} {[%emt 00:02:30]} Be6 {[%clk 01:30:59]} {[%emt 00:00:30]} 9. Bg2
{[%clk 01:23:12]} {[%emt 00:00:43]} Nf6 {[%clk 01:31:10]} {[%emt 00:00:18]} 10.
O-O {[%clk 01:20:48]} {[%emt 00:02:55]} Be7 {[%clk 01:31:25]} {[%emt 00:00:14]}
11. b3 {[%clk 01:05:25]} {[%emt 00:15:54]} O-O {[%clk 01:31:17]} {[%emt
00:00:36]} 12. Nc2 {[%clk 01:05:06]} {[%emt 00:00:50]} Rc8 {[%clk 01:30:44]}
{[%emt 00:01:03]} 13. Bb2 {[%clk 01:00:13]} {[%emt 00:05:23]} b5 {[%clk
01:29:00]} {[%emt 00:02:13]} 14. cxb5 {[%clk 00:52:25]} {[%emt 00:08:20]} axb5
{[%clk 01:29:21]} {[%emt 00:00:09]} 15. Ne3 {[%clk 00:52:21]} {[%emt 00:00:34]}
Qa5 {[%clk 00:56:09]} {[%emt 00:33:42]} 16. Ncd5 {[%clk 00:45:07]} {[%emt
00:07:44]} Nxd5 {[%clk 00:54:14]} {[%emt 00:02:24]} 17. Bxd5 {[%clk 00:41:21]}
{[%emt 00:04:17]} Bxd5 {[%clk 00:53:20]} {[%emt 00:01:25]} 18. Qxd5+ {[%clk
00:37:53]} {[%emt 00:03:57]} Kh8 {[%clk 00:53:42]} {[%emt 00:00:08]} 19. Rfc1
{[%clk 00:37:30]} {[%emt 00:00:54]} Qb6 {[%clk 00:49:04]} {[%emt 00:05:08]} 20.
Qe6 {[%clk 00:26:16]} {[%emt 00:11:43]} Rce8 {[%clk 00:40:19]} {[%emt
00:09:15]} 21. Nd5 {[%clk 00:23:17]} {[%emt 00:03:30]} Qb7 {[%clk 00:39:52]}
{[%emt 00:00:56]} 22. Nxe7 {[%clk 00:22:47]} {[%emt 00:01:01]} Qxe7 {[%clk
00:32:30]} {[%emt 00:07:52]} 23. Qxe7 {[%clk 00:22:58]} {[%emt 00:00:19]} Nxe7
{[%clk 00:32:53]} {[%emt 00:00:06]} 24. Rd1 {[%clk 00:19:04]} {[%emt 00:04:37]}
Rf6 {[%clk 00:23:43]} {[%emt 00:09:27]} 25. a4 {[%clk 00:19:02]} {[%emt
00:00:33]} bxa4 {[%clk 00:23:23]} {[%emt 00:00:50]} 26. bxa4 {[%clk 00:19:26]}
{[%emt 00:00:06]} Nc6 {[%clk 00:19:06]} {[%emt 00:04:47]} 27. Rac1 {[%clk
00:17:50]} {[%emt 00:02:06]} Na5 {[%clk 00:17:50]} {[%emt 00:01:46]} 28. Rd5
{[%clk 00:15:40]} {[%emt 00:02:40]} Nb3 {[%clk 00:17:12]} {[%emt 00:01:09]} 29.
Rc6 {[%clk 00:15:52]} {[%emt 00:00:17]} Kg8 {[%clk 00:11:37]} {[%emt 00:06:05]}
30. a5 {[%clk 00:11:35]} {[%emt 00:04:47]} Ra8 {[%clk 00:11:39]} {[%emt
00:00:28]} 31. a6 {[%clk 00:11:11]} {[%emt 00:00:54]} Nc5 {[%clk 00:11:11]}
{[%emt 00:00:58]} 32. Rcxd6 {[%clk 00:07:48]} {[%emt 00:03:54]} Rxd6 {[%clk
00:10:41]} {[%emt 00:00:59]} 33. Rxd6 {[%clk 00:08:15]} {[%emt 00:00:03]} Rxa6
{[%clk 00:10:50]} {[%emt 00:00:21]} 34. Rxa6 {[%clk 00:08:05]} {[%emt
00:00:39]} Nxa6 {[%clk 00:11:12]} {[%emt 00:00:08]} 35. Bxe5 {[%clk 00:08:28]}
{[%emt 00:00:08]} Kf7 {[%clk 00:11:35]} {[%emt 00:00:07]} 36. h4 {[%clk
00:07:19]} {[%emt 00:01:38]} g6 {[%clk 00:11:20]} {[%emt 00:00:45]} 37. f3
{[%clk 00:07:32]} {[%emt 00:00:18]} Ke6 {[%clk 00:11:17]} {[%emt 00:00:33]} 38.
Bg7 {[%clk 00:07:27]} {[%emt 00:00:35]} Nc5 {[%clk 00:11:01]} {[%emt 00:00:45]}
39. Kf2 {[%clk 00:07:43]} {[%emt 00:00:15]} Kd5 {[%clk 00:10:25]} {[%emt
00:01:05]} 40. Ke3 {[%clk 00:07:31]} {[%emt 00:00:43]} Ne6 {[%clk 00:09:49]}
{[%emt 00:01:06]} 41. Bf6 {[%clk 00:07:36]} {[%emt 00:00:25]} Nc5 {[%clk
00:09:34]} {[%emt 00:00:45]} 42. Be7 {[%clk 00:06:46]} {[%emt 00:01:20]} Ne6
{[%clk 00:05:21]} {[%emt 00:04:43]} 43. Kd3 {[%clk 00:06:38]} {[%emt 00:00:38]}
Nc7 {[%clk 00:05:14]} {[%emt 00:00:37]} 44. e4+ {[%clk 00:06:32]} {[%emt
00:00:36]} fxe4+ {[%clk 00:05:42]} {[%emt 00:00:02]} 45. fxe4+ {[%clk
00:06:57]} {[%emt 00:00:05]} Ke5 {[%clk 00:05:32]} {[%emt 00:00:40]} 46. Ba3
{[%clk 00:07:02]} {[%emt 00:00:25]} Ne8 {[%clk 00:05:31]} {[%emt 00:00:31]} 47.
Ke3 {[%clk 00:06:58]} {[%emt 00:00:34]} Ke6 {[%clk 00:05:28]} {[%emt 00:00:33]}
48. Bb2 {[%clk 00:05:47]} {[%emt 00:01:42]} Nd6 {[%clk 00:05:14]} {[%emt
00:00:43]} 49. Kf4 {[%clk 00:06:04]} {[%emt 00:00:13]} Nf7 {[%clk 00:05:10]}
{[%emt 00:00:34]} 50. Bg7 {[%clk 00:05:07]} {[%emt 00:01:26]} Nd6 {[%clk
00:05:21]} {[%emt 00:00:20]} 51. g4 {[%clk 00:04:34]} {[%emt 00:01:03]} Nf7
{[%clk 00:05:18]} {[%emt 00:00:33]} 52. Bf8 {[%clk 00:04:18]} {[%emt 00:00:46]}
Nd8 {[%clk 00:05:31]} {[%emt 00:00:18]} 53. Bg7  1/2-1/2

[Event "1st 4NCL Easter Congress"]
[Site "Stevenage"]
[Date "2019.04.20"]
[Round "2"]
[Board "10"]
[White "Buckley, Graeme N"]
[Black "Hutchinson, Norman A"]
[Result "1-0"]
[WhiteElo "2332"]
[BlackElo "2041"]
[PlyCount "0"]
[EventDate "2019.04.19"]
[EventRounds "7"]
[EventCountry "ENG"]

1. d4 {[%emt 00:54:41]} Nf6 {[%emt 00:00:06]} 2. Nf3 {[%emt 00:00:06]} e6
{[%emt 00:00:09]} 3. c4 {[%emt 00:00:11]} b6 {[%emt 00:00:09]} 4. Nc3 {[%emt
00:00:27]} Bb7 {[%emt 00:00:34]} 5. a3 {[%emt 00:01:52]} d5 {[%emt 00:00:57]} 6.
cxd5 {[%emt 00:05:53]} exd5 {[%emt 00:00:13]} 7. Bf4 {[%emt 00:02:12]} Bd6
{[%emt 00:06:39]} 8. Bxd6 {[%emt 00:00:40]} Qxd6 {[%emt 00:00:06]} 9. Rc1
{[%emt 00:00:57]} a6 {[%emt 00:02:20]} 10. b4 {[%emt 00:05:01]} Nbd7 {[%emt
00:03:53]} 11. g3 {[%emt 00:01:39]} O-O {[%emt 00:01:11]} 12. Bg2 {[%emt
00:02:47]} Rfe8 {[%emt 00:10:59]} 13. O-O {[%emt 00:00:29]} c6 {[%emt
00:04:00]} 14. Qb3 {[%emt 00:01:36]} Ne4 {[%emt 00:01:55]} 15. e3 {[%emt
00:00:30]} b5 {[%emt 00:05:01]} 16. Nxe4 {[%emt 00:01:25]} dxe4 {[%emt
00:03:33]} 17. Nd2 {[%emt 00:08:29]} Qd5 {[%emt 00:03:34]} 18. Qb1 {[%emt
00:11:03]} f5 {[%emt 00:02:33]} 19. f3 {[%emt 00:04:13]} exf3 {[%emt 00:01:56]}
20. Nxf3 {[%emt 00:05:06]} Rxe3 {[%emt 00:02:13]} 21. Ng5 {[%emt 00:04:44]} Qb3
{[%emt 00:03:47]} 22. Qxb3+ {[%emt 00:06:00]} Rxb3 {[%emt 00:00:08]} 23. d5
{[%emt 00:00:02]} Nf6 {[%emt 00:06:24]} 24. dxc6 {[%emt 00:00:20]} Bc8 {[%emt
00:00:47]} 25. c7 {[%emt 00:01:22]} Ra7 {[%emt 00:00:09]} 26. Rfd1 {[%emt
00:00:40]}  1-0

[Event "1st 4NCL Easter Congress"]
[Site "Stevenage"]
[Date "2019.04.20"]
[Round "2"]
[Board "11"]
[White "Eames, Robert S"]
[Black "Britton, Richard"]
[Result "1/2-1/2"]
[WhiteElo "2134"]
[BlackElo "2181"]
[PlyCount "0"]
[EventDate "2019.04.19"]
[EventRounds "7"]
[EventCountry "ENG"]

1. d4 {[%clk 01:30:36]} {[%emt 00:00:24]} Nf6 {[%clk 01:30:55]} {[%emt
00:00:05]} 2. c4 {[%clk 01:30:03]} {[%emt 00:01:02]} g6 {[%clk 01:31:21]}
{[%emt 00:00:05]} 3. Nc3 {[%clk 01:30:24]} {[%emt 00:00:09]} Bg7 {[%clk
01:31:46]} {[%emt 00:00:05]} 4. e4 {[%clk 01:30:45]} {[%emt 00:00:09]} d6
{[%clk 01:32:12]} {[%emt 00:00:03]} 5. Nf3 {[%clk 01:30:59]} {[%emt 00:00:17]}
O-O {[%clk 01:32:36]} {[%emt 00:00:06]} 6. Be2 {[%clk 01:31:23]} {[%emt
00:00:05]} e5 {[%clk 01:33:01]} {[%emt 00:00:06]} 7. d5 {[%clk 01:31:37]}
{[%emt 00:00:16]} Na6 {[%clk 01:31:44]} {[%emt 00:01:47]} 8. O-O {[%clk
01:31:29]} {[%emt 00:00:38]} Nc5 {[%clk 01:31:06]} {[%emt 00:01:09]} 9. Qc2
{[%clk 01:31:12]} {[%emt 00:00:46]} a5 {[%clk 01:31:21]} {[%emt 00:00:16]} 10.
Bg5 {[%clk 01:31:12]} {[%emt 00:00:29]} c6 {[%clk 01:26:39]} {[%emt 00:05:12]}
11. Nd2 {[%clk 01:24:49]} {[%emt 00:06:53]} cxd5 {[%clk 01:23:15]} {[%emt
00:03:54]} 12. cxd5 {[%clk 01:25:04]} {[%emt 00:00:15]} Bd7 {[%clk 01:23:24]}
{[%emt 00:00:22]} 13. Nc4 {[%clk 01:24:20]} {[%emt 00:01:14]} Qc7 {[%clk
01:21:28]} {[%emt 00:02:26]}  1/2-1/2

[Event "1st 4NCL Easter Congress"]
[Site "Stevenage"]
[Date "2019.04.20"]
[Round "2"]
[Board "12"]
[White "Tyomkyn, Mikhail"]
[Black "Garnett, John S"]
[Result "1-0"]
[WhiteElo "2138"]
[BlackElo "1921"]
[PlyCount "0"]
[EventDate "2019.04.19"]
[EventRounds "7"]
[EventCountry "ENG"]

1. Nf3 {[%emt 00:00:13]} d5 {[%clk 01:30:50]} 2. g3 {[%clk 01:31:22]} {[%emt
00:00:05]} Nf6 {[%clk 01:31:06]} {[%emt 00:00:15]} 3. Bg2 {[%clk 01:31:46]}
{[%emt 00:00:04]} c5 {[%clk 01:31:13]} {[%emt 00:00:25]} 4. O-O {[%clk
01:32:09]} {[%emt 00:00:06]} Nc6 {[%emt 00:00:29]} 5. d4 {[%clk 01:32:32]} cxd4
{[%clk 01:31:05]} {[%emt 00:00:47]} 6. Nxd4 {[%clk 01:32:55]} {[%emt 00:00:06]}
g6 {[%clk 01:29:52]} {[%emt 00:01:44]} 7. c4 {[%clk 01:32:50]} {[%emt
00:00:34]} Bg7 {[%clk 01:28:53]} {[%emt 00:01:29]} 8. Nc3 {[%clk 01:26:44]}
{[%emt 00:06:36]} e6 {[%clk 01:26:38]} {[%emt 00:02:45]} 9. cxd5 {[%clk
01:17:39]} {[%emt 00:09:36]} Nxd5 {[%clk 01:24:32]} {[%emt 00:02:36]} 10. Nxc6
{[%clk 01:17:35]} {[%emt 00:00:33]} bxc6 {[%clk 01:24:35]} {[%emt 00:00:28]} 11.
Qa4 {[%clk 01:15:02]} {[%emt 00:03:02]} Bd7 {[%clk 01:19:25]} {[%emt 00:05:40]}
12. Ne4 {[%clk 01:05:18]} {[%emt 00:10:14]} Qb6 {[%clk 01:16:17]} {[%emt
00:03:38]} 13. Nd6+ {[%clk 01:04:34]} {[%emt 00:01:13]} Ke7 {[%clk 01:15:21]}
{[%emt 00:01:27]} 14. Nc4 {[%clk 01:03:20]} {[%emt 00:01:44]} Qb5 {[%clk
01:12:35]} {[%emt 00:03:17]} 15. Qa3+ {[%clk 00:58:03]} {[%emt 00:05:46]} Qb4
{[%clk 01:11:11]} {[%emt 00:01:54]} 16. Qd3 {[%clk 00:54:22]} {[%emt 00:04:09]}
Rhd8 {[%clk 01:08:02]} {[%emt 00:03:41]} 17. Bd2 {[%clk 00:46:17]} {[%emt
00:08:35]} Qb8 {[%clk 01:04:35]} {[%emt 00:03:58]} 18. Qa3+ {[%clk 00:40:01]}
{[%emt 00:06:45]} Ke8 {[%clk 01:01:20]} {[%emt 00:03:45]} 19. e4 {[%clk
00:38:40]} {[%emt 00:01:52]} Ne7 {[%clk 00:59:32]} {[%emt 00:02:19]} 20. Ba5
{[%clk 00:32:20]} {[%emt 00:06:48]} Rc8 {[%clk 00:55:52]} {[%emt 00:04:11]} 21.
Nd6+ {[%clk 00:32:01]} {[%emt 00:00:48]} Kf8 {[%clk 00:56:09]} {[%emt
00:00:13]} 22. Nxc8 {[%clk 00:32:26]} {[%emt 00:00:06]} Bxc8 {[%clk 00:55:56]}
{[%emt 00:00:43]} 23. Rad1 {[%clk 00:31:29]} {[%emt 00:01:27]} f6 {[%clk
00:53:21]} {[%emt 00:03:05]} 24. Rd8+ {[%clk 00:23:51]} {[%emt 00:08:08]} Kf7
{[%clk 00:53:39]} {[%emt 00:00:12]} 25. Rfd1 {[%clk 00:24:02]} {[%emt
00:00:17]} Qb7 {[%clk 00:52:04]} {[%emt 00:02:07]} 26. b3 {[%clk 00:21:58]}
{[%emt 00:02:34]} Bf8 {[%clk 00:48:31]} {[%emt 00:04:03]} 27. Qb4 {[%clk
00:19:52]} {[%emt 00:02:35]} Rb8 {[%clk 00:45:40]} {[%emt 00:03:22]} 28. Qxb7
{[%clk 00:19:48]} {[%emt 00:00:33]} Rxb7 {[%clk 00:45:59]} {[%emt 00:00:12]} 29.
Bf1 {[%clk 00:18:52]} {[%emt 00:01:26]} a6 {[%clk 00:42:21]} {[%emt 00:04:08]}
30. b4 {[%clk 00:19:05]} {[%emt 00:00:17]} Ra7 {[%clk 00:41:55]} {[%emt
00:00:57]} 31. Bb6 {[%clk 00:18:47]} {[%emt 00:00:47]} Rb7 {[%clk 00:41:23]}
{[%emt 00:01:02]} 32. Bc5 {[%clk 00:19:08]} {[%emt 00:00:09]} Rc7 {[%clk
00:41:12]} {[%emt 00:00:41]} 33. Bd6 {[%clk 00:18:58]} {[%emt 00:00:39]} Rd7
{[%clk 00:41:08]} {[%emt 00:00:34]} 34. Rxd7 {[%clk 00:17:39]} {[%emt
00:01:49]} Bxd7 {[%clk 00:41:33]} {[%emt 00:00:06]} 35. Bxa6 {[%clk 00:18:01]}
{[%emt 00:00:08]} Ke8 {[%clk 00:40:13]} {[%emt 00:01:49]} 36. a4 {[%clk
00:18:09]} {[%emt 00:00:22]} f5 {[%clk 00:38:57]} {[%emt 00:01:47]} 37. b5
{[%clk 00:17:00]} {[%emt 00:01:39]} cxb5 {[%clk 00:38:27]} {[%emt 00:01:00]} 38.
axb5 {[%clk 00:17:25]} {[%emt 00:00:05]} fxe4 {[%clk 00:38:19]} {[%emt
00:00:38]} 39. b6 {[%clk 00:17:43]} {[%emt 00:00:12]}  1-0

[Event "1st 4NCL Easter Congress"]
[Site "Stevenage"]
[Date "2019.04.20"]
[Round "2"]
[Board "13"]
[White "Chakanyuka, Charles"]
[Black "Rahulan, Thivyaa"]
[Result "1-0"]
[WhiteElo "2028"]
[BlackElo "1889"]
[PlyCount "0"]
[EventDate "2019.04.19"]
[EventRounds "7"]
[EventCountry "ENG"]

1. c4 {[%clk 01:29:08]} {[%emt 00:01:51]} f5 {[%clk 01:29:21]} {[%emt
00:01:39]} 2. Nf3 {[%clk 01:29:14]} {[%emt 00:00:24]} Nf6 {[%clk 01:29:40]}
{[%emt 00:00:11]} 3. g3 {[%clk 01:29:39]} {[%emt 00:00:06]} g6 {[%clk
01:28:34]} {[%emt 00:01:36]} 4. Bg2 {[%clk 01:29:47]} {[%emt 00:00:22]} Bg7
{[%clk 01:28:40]} {[%emt 00:00:24]} 5. O-O {[%clk 01:30:12]} {[%emt 00:00:05]}
O-O {[%clk 01:27:39]} {[%emt 00:01:30]} 6. d3 {[%clk 01:30:22]} {[%emt
00:00:20]} d6 {[%clk 01:27:20]} {[%emt 00:00:51]} 7. Nc3 {[%clk 01:30:31]}
{[%emt 00:00:20]} e5 {[%clk 01:25:24]} {[%emt 00:02:27]} 8. Bg5 {[%clk
01:30:46]} {[%emt 00:00:13]} c6 {[%clk 01:24:05]} {[%emt 00:01:49]} 9. Qc1
{[%clk 01:31:01]} {[%emt 00:00:14]} Bd7 {[%clk 01:15:47]} {[%emt 00:08:50]} 10.
c5 {[%clk 01:28:38]} {[%emt 00:02:54]} Qc7 {[%clk 01:10:42]} {[%emt 00:05:34]}
11. cxd6 {[%clk 01:28:48]} {[%emt 00:00:19]} Qxd6 {[%clk 01:11:05]} {[%emt
00:00:08]} 12. Bh6 {[%clk 01:27:48]} {[%emt 00:01:29]} Nh5 {[%clk 01:06:14]}
{[%emt 00:05:21]} 13. Bxg7 {[%clk 01:24:40]} {[%emt 00:03:38]} Kxg7 {[%clk
01:06:22]} {[%emt 00:00:22]} 14. a4 {[%clk 01:19:04]} {[%emt 00:06:07]} Na6
{[%clk 01:03:53]} {[%emt 00:02:59]} 15. Nd1 {[%clk 01:13:24]} {[%emt 00:06:08]}
f4 {[%clk 00:56:01]} {[%emt 00:08:24]} 16. Nc3 {[%clk 01:05:42]} {[%emt
00:08:11]} fxg3 {[%clk 00:54:06]} {[%emt 00:02:26]} 17. hxg3 {[%clk 01:06:03]}
{[%emt 00:00:08]} Nf6 {[%clk 00:52:11]} {[%emt 00:02:25]} 18. Qg5 {[%clk
01:01:40]} {[%emt 00:04:49]} Rae8 {[%clk 00:50:56]} {[%emt 00:01:49]} 19. Nh4
{[%clk 00:55:06]} {[%emt 00:07:04]} Qe6 {[%clk 00:43:31]} {[%emt 00:07:53]} 20.
Qe3 {[%clk 00:51:21]} {[%emt 00:04:17]} Nb4 {[%clk 00:33:23]} {[%emt 00:10:39]}
21. Qxa7 {[%clk 00:45:56]} {[%emt 00:05:54]} Qe7 {[%clk 00:19:55]} {[%emt
00:13:58]} 22. Rac1 {[%clk 00:42:43]} {[%emt 00:03:44]} c5 {[%clk 00:20:04]}
{[%emt 00:00:21]} 23. Nb5 {[%clk 00:36:16]} {[%emt 00:06:57]} g5 {[%clk
00:19:07]} {[%emt 00:01:26]} 24. Nf3 {[%clk 00:35:29]} {[%emt 00:01:17]} Na2
{[%clk 00:16:59]} {[%emt 00:02:40]} 25. Rxc5 {[%clk 00:33:34]} {[%emt
00:02:23]} Ng4 {[%clk 00:12:34]} {[%emt 00:04:55]} 26. Rc7 {[%clk 00:32:14]}
{[%emt 00:01:50]} Rc8 {[%clk 00:06:00]} {[%emt 00:07:05]} 27. Rxb7 {[%clk
00:28:57]} {[%emt 00:03:46]} Rfd8 {[%clk 00:06:01]} {[%emt 00:00:28]} 28. Nxg5
{[%clk 00:24:33]} {[%emt 00:04:55]} Ra8 {[%clk 00:04:21]} {[%emt 00:02:10]} 29.
Rxd7 {[%clk 00:22:46]} {[%emt 00:02:17]} Rxd7 {[%clk 00:03:04]} {[%emt
00:01:48]} 30. Qxa8 {[%clk 00:21:53]} {[%emt 00:01:23]} Qxg5 {[%clk 00:03:26]}
{[%emt 00:00:08]} 31. Bh3 {[%clk 00:16:14]} {[%emt 00:06:06]} Rf7 {[%clk
00:02:03]} {[%emt 00:01:54]} 32. Qe4 {[%clk 00:15:27]} {[%emt 00:01:04]} Nf6
{[%clk 00:01:45]} {[%emt 00:01:02]} 33. Qg2 {[%clk 00:14:13]} {[%emt 00:01:44]}
Nc1 {[%clk 00:01:40]} {[%emt 00:00:36]} 34. Re1 {[%clk 00:05:22]} {[%emt
00:09:19]} Qd2 {[%clk 00:00:58]} {[%emt 00:01:13]} 35. Qf1 {[%clk 00:05:46]}
{[%emt 00:00:06]} Nb3 {[%clk 00:01:02]} {[%emt 00:00:26]} 36. Be6 {[%clk
00:05:42]} {[%emt 00:00:33]} Rf8 {[%clk 00:01:07]} {[%emt 00:00:26]} 37. Bxb3
{[%clk 00:05:54]} {[%emt 00:00:18]} Ng4 {[%clk 00:01:31]} {[%emt 00:00:06]} 38.
Bc4 {[%clk 00:01:32]} {[%emt 00:04:53]} Qh6 {[%clk 00:01:27]} {[%emt 00:00:33]}
39. Qg2 {[%clk 00:01:18]} {[%emt 00:00:44]} Rxf2 {[%clk 00:01:41]} {[%emt
00:00:16]} 40. Qxf2 {[%clk 00:01:44]} {[%emt 00:00:05]} Nxf2 {[%clk 00:02:02]}
{[%emt 00:00:09]} 41. Kxf2 {[%clk 00:02:08]} {[%emt 00:00:05]} Qh2+ {[%clk
00:01:35]} {[%emt 00:00:58]} 42. Kf3 {[%clk 00:02:30]} {[%emt 00:00:05]} Qh5+
{[%clk 00:02:01]} {[%emt 00:00:06]} 43. Kg2 {[%clk 00:02:15]} {[%emt 00:00:44]}
Qg5 {[%clk 00:02:00]} {[%emt 00:00:32]} 44. Nd6 {[%clk 00:01:40]} {[%emt
00:01:03]} Qd2 {[%clk 00:01:59]} {[%emt 00:00:33]} 45. Kf2 {[%clk 00:01:23]}
{[%emt 00:00:47]} Qxb2 {[%clk 00:02:16]} {[%emt 00:00:12]} 46. Nf5+ {[%clk
00:01:16]} {[%emt 00:00:38]} Kf6 {[%clk 00:02:18]} {[%emt 00:00:28]} 47. Ne3
{[%clk 00:01:41]} {[%emt 00:00:05]} Qb6 {[%clk 00:02:01]} {[%emt 00:00:45]} 48.
Rh1 {[%clk 00:02:04]} {[%emt 00:00:08]} Kg7 {[%clk 00:01:42]} {[%emt 00:00:49]}
49. Rh5 {[%clk 00:02:12]} {[%emt 00:00:18]} Qc5 {[%clk 00:01:08]} {[%emt
00:01:08]} 50. Bd5 {[%clk 00:01:40]} {[%emt 00:01:03]} Qc7 {[%clk 00:00:00]}
{[%emt 00:01:08]}  1-0

[Event "1st 4NCL Easter Congress"]
[Site "Stevenage"]
[Date "2019.04.20"]
[Round "2"]
[Board "14"]
[White "Jaufarally, Nadia"]
[Black "Taylor, Robert K"]
[Result "1-0"]
[WhiteElo "1859"]
[BlackElo "1982"]
[PlyCount "0"]
[EventDate "2019.04.19"]
[EventRounds "7"]
[EventCountry "ENG"]

1. e4 {[%emt 00:29:13]} e5 {[%emt 00:00:10]} 2. Nf3 {[%emt 00:00:30]} Nc6
{[%emt 00:00:06]} 3. Bc4 {[%emt 00:00:11]} Nf6 {[%emt 00:00:09]} 4. d3 {[%emt
00:00:26]} Be7 {[%emt 00:01:02]} 5. O-O {[%emt 00:00:35]} O-O {[%emt 00:00:04]}
6. c3 {[%emt 00:00:36]} d6 {[%emt 00:00:49]} 7. h3 {[%emt 00:00:34]} Na5 {[%emt
00:03:16]} 8. Bb5 {[%emt 00:09:05]} a6 {[%emt 00:00:04]} 9. Ba4 {[%emt
00:00:08]} b5 {[%emt 00:00:51]} 10. Bc2 {[%emt 00:00:53]} c5 {[%emt 00:05:21]}
11. Nbd2 {[%emt 00:13:12]} g6 {[%emt 00:07:23]} 12. Re1 {[%emt 00:01:48]} Nd7
{[%emt 00:05:46]} 13. Nf1 {[%emt 00:01:48]} Re8 {[%emt 00:05:09]} 14. Bh6
{[%emt 00:05:57]} Nf8 {[%emt 00:01:02]} 15. Qd2 {[%emt 00:02:36]} Ne6 {[%emt
00:06:52]} 16. Ng3 {[%emt 00:02:37]} Bf8 {[%emt 00:02:56]} 17. Bxf8 {[%emt
00:11:33]} Rxf8 {[%emt 00:00:57]} 18. Qh6 {[%emt 00:00:15]} Qf6 {[%emt
00:04:35]} 19. Nf5 {[%emt 00:04:36]} d5 {[%emt 00:00:47]} 20. exd5 {[%emt
00:03:37]} Qxf5 {[%emt 00:00:14]} 21. dxe6 {[%emt 00:00:07]} f6 {[%emt
00:10:23]} 22. e7 {[%emt 00:23:28]} Re8 {[%emt 00:00:02]} 23. b4 {[%emt
00:00:16]} Nc4 {[%emt 00:11:16]} 24. Bb3 {[%emt 00:05:28]} Qxd3 {[%emt
00:00:35]} 25. Rad1 {[%emt 00:00:10]} Qf5 {[%emt 00:00:59]} 26. Rd8 {[%emt
00:00:12]} Be6 {[%emt 00:00:53]}  1-0